Normal view
MARC view
Entry Personal Name
001 - CONTROL NUMBER
- control field: 4724
003 - CONTROL NUMBER IDENTIFIER
- control field: OSt
005 - DATE AND TIME OF LATEST TRANSACTION
- control field: 20150520144924.0
008 - FIXED-LENGTH DATA ELEMENTS
- fixed length control field: 150520|| aca||aabn | a|a d
040 ## - CATALOGING SOURCE
- Original cataloging agency: OSt
- Transcribing agency: OSt
100 ## - HEADING--PERSONAL NAME
- Personal name: Nio Ong Bie
670 ## - SOURCE DATA FOUND
- Source citation: Work cat.: (OSt): Nio Ong Bie, Rapid Appraisal and Health Policy /, 1996
